Statistics for Top 10 Football Clubs with the Most Major Trophies

Click here to take the quiz!

General Stats

  • This quiz has been taken 7,551 times
  • The average score is 9 of 10

Answer Stats

#Club% Correct
101Real Madrid
99%
99Barcelona
98%
67Manchester United
97%
83Bayern Munich
92%
68Liverpool
92%
49AC Milan
86%
70Juventus
85%
44Inter Milan
82%
47Paris Saint-Germain
81%
49Arsenal
79%

Score Distribution

Percentile by Number Answered

Percent of People with Each Score

Your Score History

You have not taken this quiz